000 01191nam a22003137a 4500
003 CHAP
005 20220329134132.0
008 971013s1976 r 00010 d
010 _a15949
011 _a16921
035 _a21003
040 _cCHAP
090 _aTesis
100 0 0 _aGuerrero Rodríguez, Eugenio.
_951262
245 _aInfluencia de diferentes tratamientos en estado de larva y pupa sobre la respuesta de adultos del gusano de la yema del tabavo Heliothis virescens (Favricius) a diferentes fuentes de atracción
260 _a(Monterrey, N.L.) :
_bEl autor,
_c1976
300 _a72 h.
_b; gráfs
502 _aTesis (M.C. Esp. en Parasitología Agrícola) -- ITESM. División de Ciencias Agropecuarias y Marítimas. Programa de Graduados
590 _aALEPH
_b10
_c20130110
_lUCH01
_h1238
590 _aBATCH-UPD
_b10
_c20130110
_lUCH01
_h1842
590 _aBATCH-UPD
_b10
_c20130410
_lUCH01
_h1213
590 _aBATCH-UPD
_b10
_c20130914
_lUCH01
_h1040
590 _aCONVERSION
_b10
_c20130109
_lUCH01
_h1310
650 1 4 _aControl de plagas.
_927595
650 1 4 _aHeliothis virescens.
_953440
901 _aBK
942 _cTESIS
949 _bBC
_cTES
_d-49021
_eTS1
_i21003
_si
999 _c15949
_d15949